| 000 | 00839nam a2200229 i 4500 | ||
|---|---|---|---|
| 001 | 91639 | ||
| 003 | ES-MaACL | ||
| 005 | 20250730063115.0 | ||
| 007 | t| | ||
| 008 | 050203s2003 sp ||||1| spa d | ||
| 080 | _a75 Rivera, Diego (083.824) | ||
| 100 | 1 |
_aRivera, Diego, _d1886-1957 _997610 |
|
| 245 | 1 | 0 |
_aDiego Rivera _b: Museo de América, Madrid, septiembre-octubre 2003. |
| 260 |
_aMadrid : _bSubdirección General de Promoción de las Bellas Artes, Ministerio de Educación, Cultura y Deporte, _c[2003] |
||
| 300 |
_a94 p. : _bil. ; _c28 cm. |
||
| 500 | _aEn la port.: Gobierno del Estado de Veracruz. | ||
| 600 | 1 | 4 |
_aRivera, Diego, _d1886-1957- _vExposiciones _997611 |
| 655 | 7 |
_2tgfbne _9193628 _aCatálogos de exposiciones |
|
| 852 |
_aES-MaACL _jL-28776 _bR.135269 |
||
| 942 | _2udc | ||
| 999 |
_c91639 _d91639 |
||